01698nam a2200301Ia 4500003000400000005001700004008004100021020001800062040002100080041000800101082002300109100004800132245014500180250002100325260006200346300007700408504004000485505028400525520021500809650002801024650003401052650003901086700004301125700005601168942001201224999001701236952014301253OSt20210824102541.0210310s2014 sp ad gr 000 0 spa d a9788473569880 aCO-JMCRcCO-JMCR0 aspa04a338.5 /bF866p2231 aFreire Rubio, Maria Teresa, eautora92768210aPracticas y conceptos básicos de microeconomía / cMaría Teresa Freire Rubio, Raimundo Viejo Rubio, Francisco José Blanco jiménez  a4ª. edición.  aMadrid, España : bUniversidad Rey Juan Carlos, c2014. a159 páginas : bilustraciones y gráficas en blanco y negro ;c24 cm. aBibliografía : páginas 157-159.0 aComportamiento de los consumidores. -- Comportamiento de los productores. -- Un lugar de encuentro para el intercambio. -- Mercado de competencia perfecta. -- Monopolio. -- Oligopolio. -- Oligopolio y competencia monopolística. -- Fallos de mercado e intervención pública. 0 aEl presente libro pretende cumplir la función de apoyo a los manuales de introducción a la microeconomía elemental, utilizados por aquellos que por primera vez se enfrentan con el estudio de esta materia.14aMicroeconomía 93958624aProblemas y ejercicios93958724aMicroeconomíaxProblemas.9395881 aViejo Rubio, Raimundo, eautor9395891 aBlanco Jiménez, Francisco José, eautor939590 2ddccBK c12244d12244 00102ddc4070aCPLbCPLcGENd2018-04-15eDonaciónl2o338.5 / F866pp430013335r2024-05-16 00:00:00s2023-03-07tEj.1w2021-03-10yBK